000 01011nam a2200301 i 4500
003 EG-GICUC
005 20260416075142.0
008 260415s1866 fr a|||fr|||| 000 0 fre d
040 _aEG-GiCUC
_bfre
_cEG-GiCUC
_dEG-GiCUC
_eRda
041 0 _afre
082 0 4 _221
_a343.3
_bHE . T
092 0 4 _221
099 _aLaw1 10 343.3 HE . T 2 ed - 1866
100 1 _aHelie, Faustin
_eAuteur
245 1 0 _aTraité De L'instruction Criminelle :
_bOu Théorie Du Code D'instruction Criminelle/
_nTome Quatrième,
_pDe L'instruction Écrite,
_cM. Faustin Helie.
250 _aDeuxieme Édition
264 1 _aPARIS
_bHenri Plon
_c1866
300 _a720 page :
_billustration ;
_c 24 cm.
336 _2rda contenu
_a texte
337 _2rda medias
_aOrdinateur
338 _2 transporteur rda
_a Ressource en ligne
546 _aTexte en français
650 1 _aDroit pénal
_2qrmak
651 1 _2qrmak
856 4 0 _uhttps://fll.law.cu.edu.eg/fulltext/bks/B10-08974.pdf
905 _a158
942 _2ddc
_n0
_cBK
_e21
999 _c71025
_d71025